En torno el Guimarán y otras imprecisiones / (Record no. 62314)

MARC details
000 -LEADER
campo de control de longitud fija 00447nam a2200145 i 4500
001 - NÚMERO DE CONTROL
campo de control 62314
003 - IDENTIFICADOR DE NÚMERO DE CONTROL
campo de control ES-MaACL
007 - CAMPO FIJO DE DESCRIPCIÓN FÍSICA--INFORMACIÓN GENERAL
campo de control de longitud fija t|
008 - DATOS DE LONGITUD FIJA--INFORMACIÓN GENERAL
campo de control de longitud fija 031119s1983 sp ||||1| spa d
100 1# - ENTRADA PRINCIPAL--NOMBRE DE PERSONA
Nombre de persona Fernández, José-Reyes.
9 (RLIN) 49389
245 10 - MENCIÓN DEL TÍTULO
Título En torno el Guimarán y otras imprecisiones /
Mención de responsabilidad, etc. José-Reyes Fernández.
260 ## - PUBLICACIÓN, DISTRIBUCIÓN, ETC.
Lugar de publicación, distribución, etc. [Castellón :
Nombre del editor, distribuidor, etc. s.n.,
Fecha de publicación, distribución, etc. 1983] (
Fabricante Hijos de F. Armengot)
300 ## - DESCRIPCIÓN FÍSICA
Extensión 148 p. ;
Dimensiones 19 cm.
852 ## - LOCALIZACIÓN
Ubicación ES-MaACL
Número de control de estantería L-5996
Sublocalización o colección R.106180
Holdings
Estatus retirado Estado de pérdida Estado de daño No para préstamo Biblioteca de origen Biblioteca actual Ubicación en estantería Fecha de adquisición Fuente de adquisición Total de préstamos Signatura topográfica completa Código de barras Visto por última vez Precio de reemplazo Tipo de ítem Koha
        Biblioteca del Ateneo de Madrid Biblioteca del Ateneo de Madrid Depósito 2 17/01/2008     L-5996 1065328 23/02/2023 23/02/2023 Libro impreso